000 00879nam a2200253 a 4500
001 000028545
003 DO-SdBNP
005 20180221131832.0
007 000028545
008 110411s2010 dr 000 | spa d
020 _a9789993448334
040 _aBPMET
_bspa
_cBPMET
092 _axxx
_bG146s
100 1 _aGalán, Bismar
245 1 0 _aSancocho Dominicano :
_bpersistencia y simbolismo de un plato /
_cBismar Galán ; prólogo de Marcio Veloz Maggiolo.
260 _aSanto Domingo :
_bEditorial UNIBE,
_c2010.
300 _a160 p. ;
_c17 cm.
500 _aIncluye datos biográficos del autor en la contracubierta.
586 _aSegundo premio del concurso de ensayo “Pedro Francisco Bonó”, FUNGLODE 2008.
700 1 _aVeloz Maggiolo, Marcio,
_epról.
942 _2ddc
_cBK
945 _a Inventariado / 2017 VM
956 _aVMATEO
_b10
_c20150505
_lBPMSU
_h00151
999 _c7786
_d7786